| 000 | 01557nam a2200373 c 4500 | ||
|---|---|---|---|
| 003 | BLK | ||
| 005 | 20231204163717.0 | ||
| 008 | 180411b bul|||||r ||||||| ||bul|| | ||
| 010 | _aKNG00207867000 | ||
| 020 |
_a978-954-27-2016-4 _bиздат.: Егмонт България |
||
| 040 | _aBLK | ||
| 041 |
_aBUL _cBUL |
||
| 072 | 7 |
_2bullib _aН85 _xДетска художествена литература Н |
|
| 080 |
_aАмериканска литература (на САЩ) _b821.111(73) _x-93-32 _z821.111(73)-93-32 |
||
| 100 | 1 |
_aРодки, Джеф _eпърви автор _9116612 |
|
| 700 | 1 |
_aЯнков, Мартин _eпрев. _9382767 |
|
| 139 |
_aРодки, Джеф _bР 74 |
||
| 245 | 1 | 0 |
_aБлизнаците Тапър взривяват нета _cДжеф Родки; прев. Мартин Янков. |
| 257 | _aUSA | ||
| 260 |
_аСофия _bЕгмонт България _c2016 _fСофия : Инвестпрес |
||
| 300 |
_a241 с. _c21 см |
||
| 380 | _aDX | ||
| 500 | _aОриг. загл. Tapper Twins Go Viral / Geoff Rodkey. - За автора. - 1 000 тир. - На гърба на кор. означено кн. 4. | ||
| 653 | _aповести | ||
| 653 | _aлитература за деца | ||
| 653 | _aдетска литература | ||
| 659 | _aН | ||
| 852 | _aЦб 274532 | ||
| 856 | 4 |
_qpdf _u |
|
| 856 | 4 |
_qpdf _u |
|
| 942 |
_cKNG _n0 _015 |
||
| 944 |
_aCR _c12.06.2017 _lРусанова Ирена _k30542 |
||
| 944 |
_aED _c28.10.2017 _lф / _kПенка_Димитрова |
||
| 999 |
_c198519 _d198519 |
||